| 000 | 00598nam a2200241 a 4500 | ||
|---|---|---|---|
| 001 | nice12345678 | ||
| 003 | IN_TiNIC | ||
| 005 | 20260116013513.0 | ||
| 008 | 050524s1985 dela grp 000 0 eng | ||
| 020 |
_a _c200 |
||
| 082 | 0 | 0 |
_a305.629705482 _bMIS |
| 100 | _aMisra, Satish C | ||
| 245 | _aMuslim Communities in Gujarat | ||
| 260 |
_aDelhi _bMunshiram Manoharlal Pub _c1985 |
||
| 300 | _a207p | ||
| 500 | _aincludes index and biblioraphy | ||
| 505 | 2 | _aAppendix | |
| 650 | _aMuslims-India-Gujrat | ||
| 700 | 1 | _aMisra, Satish C | |
| 902 | _bSRS | ||
| 942 | _cBK | ||
| 999 |
_c11245 _d11245 |
||